Loading...
| Literature - World | 1 | 4 | 0 | 2 | 55 | 71 | 133.00 | 0 | 1 | 0.00 | 0.00 |
| Literature - American | 0 | 5 | 0 | 1 | 50 | 124 | 140.60 | 0 | 0 | 0.00 | 0.00 |
| Literature - British | 0 | 4 | 1 | 2 | 35 | 120 | 134.75 | 0 | 0 | 0.00 | 0.00 |
| Literature - European | 0 | 3 | 0 | 1 | 30 | 106 | 135.00 | 0 | 0 | 0.00 | 0.00 |
| Mythology | 0 | 3 | 1 | 1 | 25 | 132 | 142.33 | 0 | 0 | 0.00 | 0.00 |
| Religion | 0 | 2 | 0 | 1 | 20 | 138 | 148.50 | 0 | 0 | 0.00 | 0.00 |
| History - European | 0 | 2 | 0 | 1 | 20 | 134 | 134.50 | 0 | 0 | 0.00 | 0.00 |
| Fine Arts - Classical Music and Opera | 0 | 1 | 0 | 0 | 10 | 86 | 86.00 | 0 | 1 | 0.00 | 0.00 |
| Other Science (Earth Science) | 0 | 1 | 0 | 0 | 10 | 97 | 97.00 | 0 | 0 | 0.00 | 0.00 |
| History - American | 0 | 1 | 0 | 1 | 10 | 138 | 138.00 | 0 | 0 | 0.00 | 0.00 |
| Fine Arts - Other Arts | 0 | 1 | 0 | 0 | 10 | 138 | 138.00 | 0 | 0 | 0.00 | 0.00 |
| Other Academic | 0 | 1 | 0 | 1 | 10 | 147 | 147.00 | 0 | 0 | 0.00 | 0.00 |
| Other Culture | 0 | 1 | 0 | 1 | 10 | 137 | 137.00 | 0 | 0 | 0.00 | 0.00 |
| Fine Arts - Painting and Sculpture | 0 | 0 | 0 | 0 | 0 | 0.00 | 0 | 0 | 0.00 | 0.00 | |
| Philosophy | 0 | 0 | 0 | 0 | 0 | 0.00 | 0 | 0 | 0.00 | 0.00 |